| 000 | 01203cam a2200241 4500 | ||
|---|---|---|---|
| 001 | ABS62722 | ||
| 008 | 000000n2000 000 0 eng u | ||
| 035 | _a(Sirsi) u107833 | ||
| 100 | _aBingham, T. | ||
| 245 | _aTurning up the heat | ||
| 260 | _c2000 | ||
| 490 |
_aBuilding _v265(8147) 28 July 2000, 67(1) |
||
| 520 | _aDiscusses the case of "Nottingham Community Housing Association Ltd v Powerminster Ltd" which concerned a dispute over a maintenance contract on tenanted homes in the Midlands. The maintenance company sought adjudication and the judge found that the Construction Act 1996 applies to all aspects of buildings, including building parts and allowed Powerminster to call for a referee. | ||
| 590 | _aABS | ||
| 650 | _aNOTTINGHAM COMMUNITY HOUSING ASSOCIATION V POWERMINSTER | ||
| 650 |
_aRefurbishment _96264 |
||
| 650 | _aMANAGEMENT-DISPUTE AVOIDANCE, MANAGEMENT AND RESOLUTION-DISPUTE MANAGEMENT AND RESOLUTION-ALTERNATIVE DISPUTE RESOLUTION-ADJUDICATION | ||
| 650 | _aCONSTRUCTION DISPUTES | ||
| 650 | _aHOUSING GRANTS CONSTRUCTION AND REGENERATION ACT 1996 | ||
| 650 | _aBUILT ENVIRONMENT-BUILDING CONTRACT FORMS | ||
| 690 |
_aDispute resolution _96236 |
||
| 942 | _n0 | ||
| 999 |
_c64411 _d64411 |
||